| Record ID | marc_records_scriblio_net/part15.dat:232590092:716 |
| Source | Scriblio |
| Download Link | /show-records/marc_records_scriblio_net/part15.dat:232590092:716?format=raw |
LEADER: 00716cam 2200229 a 4500
001 82090321 //r952
003 DLC
005 19950912165740.0
008 830909s1983 onc 00011 eng
010 $a 82090321 //r952
020 $a055301434X (pbk.) :$c$6.95
040 $aDLC$cDLC$dDLC
050 00 $aPS3554.E437$bN4 1983
082 00 $a813/.54$219
100 10 $aDelany, Samuel R.
245 10 $aNeveryóna, or, The tale of signs and cities /$cSamuel R. Delany.
250 $a1st ed.
260 0 $aToronto ;$aNew York :$bBantam Books,$c1983.
300 $aix, 385 p. ;$c21 cm.
500 $a"Some informal remarks toward the modular calculus, part four."
650 0 $aScience fiction, American.
740 01 $aNeveryóna.